Lenguaje, literatura y sociedad /

Guardado en:
書目詳細資料
企業作者: Universidad de Costa Rica. Escuela de Estudios Generales
其他作者: Cartín, Estrella (coordinadora)
格式: 未知
語言:Spanish
出版: San José, Costa, Rica : Nueva Década, 1985.
版:1. edición
主題:
標簽: 添加標簽
沒有標簽, 成為第一個標記此記錄!

MARC

LEADER 000000000a22000000004500
001 001622
020 |a 9977942137 
041 0 |a spa 
082 0 4 |a 408   |b L566Le 
110 1 |a Universidad de Costa Rica.   |b Escuela de Estudios Generales 
245 1 0 |a Lenguaje, literatura y sociedad /   |c Universidad de Costa Rica. Escuela de Estudios Generales ; Estrella Cartín, coordinadora. 
250 |a 1. edición 
260 1 |a San José, Costa, Rica :   |b Nueva Década,   |c 1985. 
300 |a 312 páginas 
500 |a "Antología de la cátedra de comunicación y lenguaje" 
650 4 |a COMUNICACION 
650 4 |a LENGUAJE Y LITERATURA 
650 4 |a CODIGOS SOCIALES 
650 4 |a LENGUAJE FIGURADO 
650 4 |a LITERATURA COSTARRICENSE 
650 4 |a COLECCCIONES DE ESCRITOS 
650 4 |a COLECCIONES 
650 4 |a LITERATURA Y SOCIEDAD 
700 1 |a Cartín, Estrella,   |e coordinadora 
999 |c 8322  |d 8322 
942 |c BK  |h 408 L566Le  |2 z